000 00926nam a22002897a 4500
001 8337
003 FISKH
005 20250909144405.0
008 250909b cb ||||| |||| 00| 0 eng d
020 _a9780439814904
040 _aFISKH
_beng
_cFISKH
_dFISKH
050 _aPZ7.G18413 M
082 _a451
100 _aGarland, Michael
245 _aMiss Smith's incredible storybook /
_cMichael Garland
250 _aThis edition first published in 2005
260 _aNew York :
_bScholastic,
_c2003
300 _a29 unnumbered pages :
_bcolor illustrations ;
_c23 cm
505 _aR
520 _aWhen the new teacher, Miss Smith, reads to her class, Zack and his classmates are amazed to find that the storybook characters come to life.
521 8 _a680
_bLexile
521 8 _aR
_bRaz-Plus
650 _2Imagination
_aStorytelling
650 _2School
_aTeachers
942 _2ddc
_cBK
_n0
999 _c8337
_d8337